000 00584nam a2200181Ia 4500
003 GCL
008 140319s9999 xx 000 0 ara d
040 _aGCL /
_cGCL
082 0 4 _a928.1
_bم ق
100 1 _aمحمود السمرة
245 1 0 _aالقاضى الجرجانى الاديب الناقد /
_cمحمود السمرة
300 _a221 ص
490 _aالهيئة العامة للاستعلامات
_v0
650 0 4 _aالتراجم الادبية
650 0 4 _aالادباء العرب
650 0 4 _aالجرجانى , ابو الحسن على
942 _2ddc
_cBK
999 _c47979
_d47979